Valorant Ultimates (2026) - Statistics

General Stats
  • This quiz has been taken 13 times
  • The average score is 15 of 29
Answer Stats
Hint Answer % Correct
Astra Cosmic Divide
100%
Chamber Tour de Force
100%
Brimstone Orbital Strike
80%
Breach Rolling Thunder
80%
Gekko Thrash
80%
Reyna Empress
60%
Omen From the Shadows
60%
Sova Hunter’s Fury
60%
Killjoy Lockdown
60%
Cypher Neural Theft
60%
Fade Nightfall
60%
Clove Not Dead Yet
60%
Phoenix Run it Back
60%
Skye Seekers
60%
Deadlock Annihilation
40%
Tejo Armageddon
40%
Miks Bassquake
40%
Jett Blade Storm
40%
Yoru Dimensional Drift
40%
Veto Evolution
40%
Iso Kill Contract
40%
Kayo NULL
40%
Neon Overdrive
40%
Raze Showstopper
40%
Vyse Steel Garden
40%
Viper Viper’s Pit
40%
Waylay Convergent Paths
20%
Harbor Reckoning
20%
Sage Resurrection
20%
No matching quizzes found
Score Distribution
Percent of People with Each Score
Percentile by Number Answered
Your Score History
You have not taken this quiz